Normale Ansicht MARC-Ansicht ISBD

Savvinskie čtenija : (Titelsatznr. 32806)

[ MARC ]
MARC-Details
000 -Satzkennung
Kontrollfeld mit fester Länge 00845nas a22002651c 4500
001 - Kontrollnummer
Kontrollfeld zs0033
008 - Feld mit fester Länge zur physischen Beschreibung - Allgemeine Angaben
Kontrollfeld mit fester Länge 111216s2006 gw |||| 000u rus d
040 ## - Katalogisierungsquelle
Übertragungsstelle RU-10907106
003 - Kontrollnummer Identifier
Kontrollfeld RU-10907106
245 00 - Titel
Titel Savvinskie čtenija :
Zusatz zum Titel sbornik trudov naučnoj konferenzii po istorii Zvenigorodskogo kraja
264 ## - Produktion, Veröffentlichung, Distribution, Herstellung und Urheberrechtsvermerk
Herstellungs-, Veröffentlichungs- Vertriebs-, Erzeugungsort Zvenigorod,
Datum der Herstellung, der Veröffentlichung, des Vertriebs oder des Urheberschutzvermerks 2006
490 #0 - Gesamttitelangabe
Gesamttitelangabe Trudy Zvenigorodskogo istoriko-architekturnogo i chudožestvennogo muzeja
600 #0 - Nebeneintragung unter einem Schlagwort - Personenname
Personenname Savva <Storoževskij>
650 #0 - Nebeneintragung unter einem Schlagwort - Sachschlagwort
Sachschlagwort oder geografischer Name als Eintragungselement Kirche
650 #0 - Nebeneintragung unter einem Schlagwort - Sachschlagwort
Sachschlagwort oder geografischer Name als Eintragungselement Orthodoxie
650 #0 - Nebeneintragung unter einem Schlagwort - Sachschlagwort
Sachschlagwort oder geografischer Name als Eintragungselement Heiligenverehrung
650 #0 - Nebeneintragung unter einem Schlagwort - Sachschlagwort
Sachschlagwort oder geografischer Name als Eintragungselement Mönchstum
651 #0 - Nebeneintragung unter einem Schlagwort - Geografischer Name
Geografischer Name Zvenigorod
651 #0 - Nebeneintragung unter einem Schlagwort - Geografischer Name
Geografischer Name Moskau
700 1# - Nebeneintragung - Personenname
Personenname Gladyševa, E. V.
Funktionsbezeichnung HerausgeberIn
710 2# - Nebeneintragung - Körperschaftsname
Körperschafts- oder Gebietskörperschaftsname als Eintragungselement Savvino-Storoževskij stavropigal'nyj monastyr'
710 2# - Nebeneintragung - Körperschaftsname
Körperschafts- oder Gebietskörperschaftsname als Eintragungselement Zvenigorodskij istoriko-architekturnyj i chudožestvennyj muzej
910 00 - USER-OPTION DATA (OCLC)
User-option data 1.2006
942 ## - Zusätzliche Felder (Koha)
Koha-Medientyp Monographien
Exemplare
Ausgeschieden Verloren Beschädigt Nicht entleihbar Heimatbibliothek Aufenthaltsbibliothek Aufstellungsort Erwerbungsdatum Heft/Jahrgang Inventarnummer Signatur Barcode Letzte Aktivität Preis gültig von Koha-Medientyp
  Vermisst     MWN Osteuropa MWN Osteuropa Magazin - 2 16/12/2011 1.2006 11-02604 vermisstInventur201908 R 10 l SavC (JJ) 32810 12/02/2021 22/03/2021 Monographien